| 000 | 00626nam a2200181Ia 4500 | ||
|---|---|---|---|
| 003 | GCL | ||
| 008 | 140319s9999 xx 000 0 ara d | ||
| 040 |
_aGCL / _cGCL |
||
| 082 | 0 | 4 |
_a956.906 _bع س |
| 100 | 1 | _aعمر مصالحة | |
| 245 | 1 | 0 |
_aالسلام الموعود: الفلسطينيون من النزاع الى التسوية / _cعمر مصالحة |
| 300 | _a428 ص | ||
| 490 |
_aالهيئة العامة للاستعلامات _v0 |
||
| 650 | 0 | 4 | _aالنزاع العربى الاسرائيلى |
| 650 | 0 | 4 | _aالحكم الذاتى |
| 650 | 0 | 4 | _aالامم المتحدة - قرارات |
| 942 |
_2ddc _cBK |
||
| 999 |
_c48051 _d48051 |
||